ARRUPE JESUIT UNIVERSITY

CORONAVIRUS -STOP THE SPREAD - CLEAN,DISINFECT,COVER

The legal philosophy of H.L.A. Hart : (Record no. 124209)

MARC details
000 -LEADER
fixed length control field 00884pam a2200265 a 4500
001 - CONTROL NUMBER
control field 989501
003 - CONTROL NUMBER IDENTIFIER
control field ARRUPE
005 - DATE AND TIME OF LATEST TRANSACTION
control field 20160223113224.0
008 - FIXED-LENGTH DATA ELEMENTS--GENERAL INFORMATION
fixed length control field 861006s1987 pau b s001 0 eng
010 ## - LIBRARY OF CONGRESS CONTROL NUMBER
LC control number 86023095
020 ## - INTERNATIONAL STANDARD BOOK NUMBER
International Standard Book Number 0877224714 (alk. paper) :
Terms of availability $29.95
040 ## - CATALOGING SOURCE
Original cataloging agency DLC
Transcribing agency DLC
Modifying agency DLC
050 00 - LIBRARY OF CONGRESS CALL NUMBER
Classification number K230.H3652
Item number M37 1987
082 00 - DEWEY DECIMAL CLASSIFICATION NUMBER
Classification number 340/.1
Edition number 19
300 ## - PHYSICAL DESCRIPTION
Dimensions 24 cm.
100 1# - MAIN ENTRY--PERSONAL NAME
Personal name Martin, Michael,
Dates associated with a name 1932 February 3-
9 (RLIN) 22409
245 14 - TITLE STATEMENT
Title The legal philosophy of H.L.A. Hart :
Remainder of title a critical appraisal /
Statement of responsibility, etc Michael Martin.
260 ## - PUBLICATION, DISTRIBUTION, ETC. (IMPRINT)
Place of publication, distribution, etc Philadelphia :
Name of publisher, distributor, etc Temple University Press,
Date of publication, distribution, etc 1987.
300 ## - PHYSICAL DESCRIPTION
Extent xi, 315 p. ;
500 ## - GENERAL NOTE
General note Includes index.
504 ## - BIBLIOGRAPHY, ETC. NOTE
Bibliography, etc Bibliography: p. 283-310.
600 10 - SUBJECT ADDED ENTRY--PERSONAL NAME
Personal name Hart, H. L. A.
Fuller form of name (Herbert Lionel Adolphus),
Dates associated with a name 1907-1992.
9 (RLIN) 22410
650 #0 - SUBJECT ADDED ENTRY--TOPICAL TERM
Topical term or geographic name as entry element Law
General subdivision Philosophy.
9 (RLIN) 10576
906 ## - LOCAL DATA ELEMENT F, LDF (RLIN)
a 7
b cbc
c orignew
d 1
e ocip
f 19
g y-gencatlg
942 ## - ADDED ENTRY ELEMENTS (KOHA)
Source of classification or shelving scheme Library of Congress Classification
Koha item type Monograph ( Printed materials)
Holdings
Withdrawn status Lost status Source of classification or shelving scheme Damaged status Not for loan Collection code Home library Current library Shelving location Date acquired Total Checkouts Full call number Barcode Date last seen Date checked out Price effective from Koha item type
    Library of Congress Classification     Main Collection ARRUPE LIBRARY ARRUPE LIBRARY Main Collection 23/02/2016 10 K230.H3652M37 1987 46500006780 28/10/2020 14/10/2020 23/02/2016 Monograph ( Printed materials)

 

Arrupe Library. PO Box MP320 Mt Pleasant, Harare, Zimbabwe
263 242 745411|librarian@aju.ac.zw